00652nam a2200205Ia 4500003000400000005001700004008004100021020001800062040001800080041000800098082002300106100002200129245005500151250001200206260006600218300003000284650002300314650004300337650006600380OSt20241022131857.0210716s2009 xx 000 0 und d a9780070140806 cAIMIT LIBRARY aeng a005.1332 21bSCHH aSchildt, Herbert. aC# 3.0:bcomplete reference /cBy Herbert Schildt. a1st ed. aNew Delhi :bTata McGraw Hill Publishing Company Ltd ;c2009. axxv,886,9p. ;bPBc24 cm. aArrays and strings aInterfaces structures and enumerations aUnsafe code pointers nullable types and miscellaneous topics